Top 15 des pays avec les décès de Covid-19 - 11 juin - Statistiques

Statistiques générales
  • Ce quiz a été pris 40 fois
  • Le résultat moyen est 14 sur 20
Statistiques - réponses
pays % Correct
France
100%
Etats-Unis
97%
Russie
90%
Espagne
87%
Allemagne
85%
Brésil
82%
Canada
82%
Italie
82%
Royaume-Uni
79%
Mexique
74%
Portugal
72%
Inde
69%
Belgique
64%
Pays-Bas
62%
Suède
56%
Suisse
51%
Irlande
49%
Iran
38%
Pérou
38%
Équateur
18%
Aucun quiz correspondant
Distribution des résultats
% des personnes avec chaque résultat
Percentile par nombre de réponses
Votre historique - résultats
Vous n’avez pas pris ce quiz